<?xml version="1.0" encoding="UTF-8"?>
<collection xmlns="http://www.loc.gov/MARC21/slim">
 <record>
  <leader>01486nam a22002177a 4500</leader>
  <controlfield tag="001">NCT_4_009417</controlfield>
  <controlfield tag="008">240617b        xxu||||| |||| 00| 0 vie d</controlfield>
  <datafield tag="999" ind1=" " ind2=" ">
   <subfield code="c">8413</subfield>
   <subfield code="d">8413</subfield>
  </datafield>
  <datafield tag="020" ind1=" " ind2=" ">
   <subfield code="a">9786045776568</subfield>
  </datafield>
  <datafield tag="082" ind1="0" ind2="4">
   <subfield code="2">23rd ed.</subfield>
   <subfield code="a">346.597096</subfield>
   <subfield code="b">L504Đ</subfield>
  </datafield>
  <datafield tag="245" ind1="0" ind2="0">
   <subfield code="a">Luật đấu thầu (hiện hành) :</subfield>
   <subfield code="b">Sửa đổi, bổ sung năm 2016, 2017, 2019, 2020, 2022</subfield>
  </datafield>
  <datafield tag="260" ind1=" " ind2=" ">
   <subfield code="a">H.</subfield>
   <subfield code="b">Chính trị quốc gia sự thật</subfield>
   <subfield code="c">2022</subfield>
  </datafield>
  <datafield tag="300" ind1=" " ind2=" ">
   <subfield code="a">127 tr.</subfield>
   <subfield code="c">19cm</subfield>
  </datafield>
  <datafield tag="520" ind1="3" ind2=" ">
   <subfield code="a">Nội dung sách Luật đấu thầu trình bày các quy định quản lý nhà nước về đấu thầu, trách của các bên có liên quan và các bên có liên quan và các hoạt động đấu thầu.</subfield>
  </datafield>
  <datafield tag="653" ind1=" " ind2=" ">
   <subfield code="a">Luật học</subfield>
  </datafield>
  <datafield tag="942" ind1=" " ind2=" ">
   <subfield code="2">ddc</subfield>
   <subfield code="c">BK</subfield>
  </datafield>
  <datafield tag="952" ind1=" " ind2=" ">
   <subfield code="0">0</subfield>
   <subfield code="1">0</subfield>
   <subfield code="2">ddc</subfield>
   <subfield code="4">0</subfield>
   <subfield code="6">346_597096000000000_L504Đ</subfield>
   <subfield code="7">0</subfield>
   <subfield code="9">29038</subfield>
   <subfield code="a">000001</subfield>
   <subfield code="b">000001</subfield>
   <subfield code="d">2024-06-17</subfield>
   <subfield code="o">346.597096 L504Đ</subfield>
   <subfield code="p">MD.22566</subfield>
   <subfield code="r">2024-06-17</subfield>
   <subfield code="v">61000.00</subfield>
   <subfield code="w">2024-06-17</subfield>
   <subfield code="y">BK</subfield>
  </datafield>
  <datafield tag="952" ind1=" " ind2=" ">
   <subfield code="0">0</subfield>
   <subfield code="1">0</subfield>
   <subfield code="2">ddc</subfield>
   <subfield code="4">0</subfield>
   <subfield code="6">346_597096000000000_L504Đ</subfield>
   <subfield code="7">0</subfield>
   <subfield code="9">29039</subfield>
   <subfield code="a">000001</subfield>
   <subfield code="b">000001</subfield>
   <subfield code="d">2024-06-17</subfield>
   <subfield code="o">346.597096 L504Đ</subfield>
   <subfield code="p">MD.22567</subfield>
   <subfield code="r">2024-06-17</subfield>
   <subfield code="v">61000.00</subfield>
   <subfield code="w">2024-06-17</subfield>
   <subfield code="y">BK</subfield>
  </datafield>
  <datafield tag="952" ind1=" " ind2=" ">
   <subfield code="0">0</subfield>
   <subfield code="1">0</subfield>
   <subfield code="2">ddc</subfield>
   <subfield code="4">0</subfield>
   <subfield code="6">346_597096000000000_L504Đ</subfield>
   <subfield code="7">0</subfield>
   <subfield code="9">29040</subfield>
   <subfield code="a">000001</subfield>
   <subfield code="b">000001</subfield>
   <subfield code="d">2024-06-17</subfield>
   <subfield code="o">346.597096 L504Đ</subfield>
   <subfield code="p">MD.22568</subfield>
   <subfield code="r">2024-06-17</subfield>
   <subfield code="v">61000.00</subfield>
   <subfield code="w">2024-06-17</subfield>
   <subfield code="y">BK</subfield>
  </datafield>
  <datafield tag="952" ind1=" " ind2=" ">
   <subfield code="0">0</subfield>
   <subfield code="1">0</subfield>
   <subfield code="2">ddc</subfield>
   <subfield code="4">0</subfield>
   <subfield code="6">346_597096000000000_L504Đ</subfield>
   <subfield code="7">0</subfield>
   <subfield code="9">29041</subfield>
   <subfield code="a">000001</subfield>
   <subfield code="b">000001</subfield>
   <subfield code="d">2024-06-17</subfield>
   <subfield code="o">346.597096 L504Đ</subfield>
   <subfield code="p">MD.22569</subfield>
   <subfield code="r">2024-06-17</subfield>
   <subfield code="v">61000.00</subfield>
   <subfield code="w">2024-06-17</subfield>
   <subfield code="y">BK</subfield>
  </datafield>
  <datafield tag="980" ind1=" " ind2=" ">
   <subfield code="a">Thư viện Trường Đại học Nam Cần Thơ</subfield>
  </datafield>
 </record>
</collection>
